Từ điển xã hội học = Worterbuch der Soziologie Sách tham khảo
שמור ב:
| מחבר ראשי: | |
|---|---|
| פורמט: | ספר |
| שפה: | Undetermined |
| יצא לאור: |
H.
Thế Giới
2002
|
| נושאים: | |
| תגים: |
הוספת תג
אין תגיות, היה/י הראשונ/ה לתייג את הרשומה!
|
| Thư viện lưu trữ: | Trung tâm Học liệu Trường Đại học Cần Thơ |
|---|
| LEADER | 00635nam a2200205Ia 4500 | ||
|---|---|---|---|
| 001 | CTU_52417 | ||
| 008 | 210402s9999 xx 000 0 und d | ||
| 020 | |b 120000 | ||
| 082 | |a 301.3 | ||
| 082 | |b E56 | ||
| 100 | |a Gunter Endrweit | ||
| 245 | 0 | |a Từ điển xã hội học = Worterbuch der Soziologie | |
| 245 | 0 | |b Sách tham khảo | |
| 245 | 0 | |c Gunter Endrweit, Gisela Trommsdorff; Ngụy Hữu Tâm và Nguyễn Hoài Bảo dịch | |
| 260 | |a H. | ||
| 260 | |b Thế Giới | ||
| 260 | |c 2002 | ||
| 650 | |a sociology | ||
| 650 | |x dictionaries | ||
| 980 | |a Trung tâm Học liệu Trường Đại học Cần Thơ | ||